000
00284nam a2200121Ia 4500
008
240624s9999 xx 000 0 und d
041
_a
eng
082
_a
658.8 TRE
100
_a
TREACY MICHAEL
245
_a
DISCIPLINE OF MARKET LEADERS CHOOSE YOUR
260
_c
1997
365
_c
_b
30
999
_c
27959
_d
27959